00348cam a22001097a 4500008004000000082002400040100002500064245003800089260004800127300001100175440005200186180718b1973 xxu||||| |||| 00| 0 eng d aA81x54 In2/71/9/Pt4 aCensus of India 1971 aKerala: housing report and tables aDelhibThe Controller of Publicationsc1973 a114+p. aCensus of India 1971. Series-9, Kerala. Part IV